Fraudulent forensic evidence : (Record no. 37684)
[ view plain ]
| 000 -LEADER | |
|---|---|
| fixed length control field | 01705cam a22002054a 4500 |
| 020 ## - INTERNATIONAL STANDARD BOOK NUMBER | |
| ISBN | 9781593325787 (hbk : alk. paper) |
| 082 00 - DEWEY DECIMAL CLASSIFICATION NUMBER | |
| Classification number | 363.250973 |
| Item number | BUK-H |
| 100 1# - MAIN ENTRY--AUTHOR NAME | |
| Personal name | Buker, Hasan, |
| 245 10 - TITLE STATEMENT | |
| Title | Fraudulent forensic evidence : |
| Sub Title | malpractice in crime laboratories / |
| Statement of responsibility, etc | Hasan Buker. |
| 260 ## - PUBLICATION, DISTRIBUTION, ETC. (IMPRINT) | |
| Place of publication | El Paso : |
| Name of publisher | LFB Scholarly Pub., |
| Year of publication | c2012. |
| 300 ## - PHYSICAL DESCRIPTION | |
| Number of Pages | xiii, 291 p. : |
| Other physical details | ill. ; |
| 504 ## - BIBLIOGRAPHY, ETC. NOTE | |
| Bibliography, etc | Includes bibliographical references (p. 271-287) and index. |
| 505 0# - FORMATTED CONTENTS NOTE | |
| Formatted contents note | Forensic sciences and publicly-funded crime labs: an overview -- Understanding breakdowns in formal organizations: developing a conceptual framework -- Methodologies employed in the study -- Digging deeper: scrutinizing malpractice in crime labs -- Nature and etiology of malpractice in crime labs: a system failure? -- Than what...? Concluding remarks. |
| 520 ## - SUMMARY, ETC. | |
| Summary, etc | Buker tells the untold story of crime labs. Through extensive field research he scrutinizes the problem of malpractice in the US publicly-funded crime labs from an administrative perspective. Several examples of malpractice in these organizations reflect not only individual mishaps of forensic scientists working in these labs, but also organizational failures. Buker finds that elements of organizational environment and organizational behavior of the crime labs combine to create this organizational failure. He concludes with public policy suggestions to maintain and amplify the trustworthiness of these very important criminal justice organizations.<br/> |
| 650 #0 - SUBJECT ADDED ENTRY--TOPICAL TERM | |
| Topical Term | Crime laboratories |
| Geographic subdivision | United States. |
| 650 #0 - SUBJECT ADDED ENTRY--TOPICAL TERM | |
| Topical Term | Malpractice |
| Geographic subdivision | United States. |
| 650 #0 - SUBJECT ADDED ENTRY--TOPICAL TERM | |
| Topical Term | Evidence, Criminal |
| Geographic subdivision | United States. |
| 650 #0 - SUBJECT ADDED ENTRY--TOPICAL TERM | |
| Topical Term | Criminal investigation |
| Geographic subdivision | United States. |
| 942 ## - ADDED ENTRY ELEMENTS (KOHA) | |
| Source of classification or shelving scheme | Dewey Decimal Classification |
| Koha item type | Books |
| Withdrawn status | Lost status | Damaged status | Not for loan | Home library | Current library | Date acquired | Source of acquisition | Cost, normal purchase price | Full call number | Accession Number | Cost, replacement price | Price effective from | Koha item type |
|---|---|---|---|---|---|---|---|---|---|---|---|---|---|
| NASSDOC Library | NASSDOC Library | 16/03/2023 | Overseas | 0.00 | 363.250973 BUK-F | 53052 | 0.00 | 24/04/2023 | Books |
